LEADER 00861nam0-22002771i-450- 001 990006203190403321 005 19980601 035 $a000620319 035 $aFED01000620319 035 $a(Aleph)000620319FED01 035 $a000620319 100 $a19980601d1973----km-y0itay50------ba 105 $a----m---00-yy 200 1 $a<>Kodifikation der Sozialrechte$edie Positivierung von sozialen Grundrechten im Verfassungsrang$edissertation...$fChristian Benz. 210 $aZurich$cSchulthess Polygraphischer Verlag AG$d1973 215 $aXXIV,, 234 p.$d24 cm 676 $a348.004 700 1$aBenz,$bChristian$0234990 801 0$aIT$bUNINA$gRICA$2UNIMARC 901 $aBK 912 $a990006203190403321 952 $aDISSERT. A 806$b99538$fFGBC 959 $aFGBC 996 $aKodifikation der Sozialrechte$9648282 997 $aUNINA DB $aGIU01 LEADER 03053nam 2200649Ia 450 001 9911020025903321 005 20251116164051.0 010 $a1-283-27394-2 010 $a9786613273949 010 $a1-118-16447-4 010 $a1-118-16448-2 035 $a(CKB)2550000000054421 035 $a(EBL)818911 035 $a(OCoLC)757487544 035 $a(SSID)ssj0000536148 035 $a(PQKBManifestationID)11306938 035 $a(PQKBTitleCode)TC0000536148 035 $a(PQKBWorkID)10547592 035 $a(PQKB)11416717 035 $a(MiAaPQ)EBC818911 035 $a(MiAaPQ)EBC4037050 035 $a(Au-PeEL)EBL4037050 035 $a(CaPaEBR)ebr11111471 035 $a(CaONFJC)MIL327394 035 $a(OCoLC)904962322 035 $a(PPN)250334631 035 $a(EXLCZ)992550000000054421 100 $a19950627e19951966 uy 0 101 0 $aeng 135 $aur|n|---||||| 181 $ctxt 182 $cc 183 $acr 200 14$aThe elements of integration and Lebesgue measure /$fRobert G. Bartle 205 $aWiley classics library ed. 210 $aNew York $cWiley$d1995 215 $a1 online resource (194 p.) 225 1 $aWiley classics library 300 $aDescription based upon print version of record. 311 08$a0-471-04222-6 320 $aIncludes bibliographical references (p. 175-176) and index. 327 $aThe Elements of Integration and Lebesgue Measure; Contents; The Elements of Integration; 1. Introduction; 2. Measurable Functions; 3. Measures; 4. The Integral; 5. Integrable Functions; 6. The Lebesgue Spaces Lp; 7. Modes of Convergence; 8. Decomposition of Measures; 9. Generation of Measures; 10. Product Measures; The Elements of Lebesgue Measure; 11. Volumes of Cells and Intervals; 12. The Outer Measure; 13. Measurable Sets; 14. Examples of Measurable Sets; 15. Approximation of Measurable Sets; 16. Additivity and Nonadditivity; 17. Nonmeasurable and Non-Borel Sets; References; Index 330 $aThe Wiley Classics Library consists of selected books that have become recognized classics in their respective fields. With these new unabridged and inexpensive editions, Wiley hopes to extend the life of these important works by making them available to future generations of mathematicians and scientists. Currently available in the Series: T. W. Anderson The Statistical Analysis of Time Series T. S. Arthanari & Yadolah Dodge Mathematical Programming in Statistics Emil Artin Geometric Algebra Norman T. J. Bailey The Elements of Stochastic Processes with Applications to the Natural Sciences Rob 410 0$aWiley classics library. 606 $aIntegrals, Generalized 606 $aMeasure theory 615 0$aIntegrals, Generalized. 615 0$aMeasure theory. 676 $a515/.43 700 $aBartle$b Robert G.$f1927-2003.$046439 801 0$bMiAaPQ 801 1$bMiAaPQ 801 2$bMiAaPQ 906 $aBOOK 912 $a9911020025903321 996 $aElements of integration and Lebesgue measure$964620 997 $aUNINA